01010 a2200193 4500020001500000040001300015100002200028245006900050250000800119260006000127300003500187500002000222650003700242942002500279999001700304952017400321952015900495952016200654 a0132130793 aDLCbDLC aLiang, Y. Daniel. aIntroduction to java programming: Brief versioncY. Daniel Liang a8th aUpper Saddle River, NJ :bPearson/Prentice Hall,c2011. axxii, 731 p. :bill. ;c26 cm. aIncludes index. aJava (Computer program language) cBKk005.133 LIA2ddc c10290d10290 001040708NFICaCLbCLcSEd2010-10-04eProgressive International Agenciesg7367.27l5m4o005.133 LIApSEECS010186q2026-05-15r2026-01-15s2026-01-15w2017-01-05yBK 001040708NFICaCLbCLcSEd2010-10-04eProgressive International Agenciesg7367.27l2o005.133 LIApSEECS010185r2021-06-16s2019-12-27w2017-01-05yBK 001040708NFICaCLbCLcSEd2010-10-04eProgressive International Agenciesg7367.27l3m1o005.133 LIApSEECS010184r2019-05-24s2019-03-28w2017-01-05yBK